<?xml version="1.0" encoding="UTF-8"?>
<record
    xmlns:xsi="http://www.w3.org/2001/XMLSchema-instance"
    xsi:schemaLocation="http://www.loc.gov/MARC21/slim http://www.loc.gov/standards/marcxml/schema/MARC21slim.xsd"
    xmlns="http://www.loc.gov/MARC21/slim">

  <leader>00200nam a2200085   4500</leader>
  <controlfield tag="001">1257783</controlfield>
  <controlfield tag="005">20260219135857.0</controlfield>
  <datafield tag="245" ind1=" " ind2=" ">
    <subfield code="a">SON &#x130;MPARATORLUK OSMANLI</subfield>
    <subfield code="c">&#x130;LBER ORTAYLI</subfield>
  </datafield>
  <datafield tag="260" ind1=" " ind2=" ">
    <subfield code="b">T&#x130;MA&#x15E; YAYINLARI</subfield>
  </datafield>
  <datafield tag="999" ind1=" " ind2=" ">
    <subfield code="c">1257783</subfield>
    <subfield code="d">1257783</subfield>
  </datafield>
  <datafield tag="952" ind1=" " ind2=" ">
    <subfield code="0">0</subfield>
    <subfield code="1">0</subfield>
    <subfield code="2">ddc</subfield>
    <subfield code="4">0</subfield>
    <subfield code="7">0</subfield>
    <subfield code="a">1053</subfield>
    <subfield code="b">1053</subfield>
    <subfield code="d">2026-02-19</subfield>
    <subfield code="l">1</subfield>
    <subfield code="p">10534932</subfield>
    <subfield code="r">2026-03-05 08:59:29</subfield>
    <subfield code="s">2026-02-19</subfield>
    <subfield code="w">2026-02-19</subfield>
    <subfield code="y">BK</subfield>
  </datafield>
</record>
